书目信息 |
| 题名: |
离散信号的滤波
|
|
| 作者: | 王欣 , 王德隽 著 | |
| 分册: | ||
| 出版信息: | 北京 电子工业出版社 2002 |
|
| 页数: | 186页 | |
| 开本: | 26cm | |
| 丛书名: | ||
| 单 册: | ||
| 中图分类: | TN713 | |
| 科图分类: | ||
| 主题词: | 滤波技术 , 滤波器 | |
| 电子资源: | ||
| ISBN: | 7-5053-7594-6 | |
| 000 | 00835nam0 2200253 45 | |
| 001 | 04000089237 | |
| 005 | 20050907141233.28 | |
| 010 | @a7-5053-7594-6@dCNY20.00 | |
| 100 | @a20021011d2002 em y0chiy0110 ea | |
| 101 | 0 | @achi |
| 102 | @aCN@b110000 | |
| 105 | @ay z 000yy | |
| 200 | 1 | @a离散信号的滤波@Ali san xin hao de lu bo@f王欣,王德隽著@Fwang xin,wang de juan zhu |
| 210 | @a北京@c电子工业出版社@d2002 | |
| 215 | @a186页@d26cm | |
| 300 | @a国家自然科学基金资助项目 | |
| 330 | @a本书首先在最小均方误差条件下,介绍Wiener滤波、Kalman滤波和自适应滤波等一些线性滤波方法,然后讨论近年来受到人们日益重视的一些非线性滤波方法。 | |
| 606 | 0 | @a滤波技术 |
| 606 | 0 | @a滤波器 |
| 690 | @aTN713@v4 | |
| 701 | 0 | @a王欣@Awang xin@4著 |
| 701 | 0 | @a王德隽@Awang de juan@4著 |
| 801 | 0 | @aCN@bTSSF@c20050907 |
| 905 | @a10447@dTN713@e172 | |
| 离散信号的滤波/王欣,王德隽著.-北京:电子工业出版社,2002 |
| 186页;26cm |
| 国家自然科学基金资助项目 |
| ISBN 7-5053-7594-6:CNY20.00 |
| 本书首先在最小均方误差条件下,介绍Wiener滤波、Kalman滤波和自适应滤波等一些线性滤波方法,然后讨论近年来受到人们日益重视的一些非线性滤波方法。 |
| ● |
| 相关链接 |
|
|
|
|
正题名:离散信号的滤波
索取号:TN713/172
 
预约/预借
| 序号 | 登录号 | 条形码 | 馆藏地/架位号 | 状态 | 备注 |
| 1 | 0359836 | 3598360 | 第二样本阅览室/ [索取号:TN713/172] | 在馆 | |
| 2 | 0359837 | 3598379 | 第三借阅区/ [索取号:TN713/172] | 在馆 | |
| 3 | 0359838 | 3598388 | 第三借阅区/ [索取号:TN713/172] | 在馆 | |
| 4 | 0359839 | 3598397 | 第三借阅区/ [索取号:TN713/172] | 在馆 | |
| 5 | 0359840 | 3598404 | 第三借阅区/ [索取号:TN713/172] | 在馆 |